Normal view
MARC view
- Ramana Rao, K.V
Entry Personal Name
001 - CONTROL NUMBER
- control field: 2053
003 - CONTROL NUMBER IDENTIFIER
- control field: OSt
005 - DATE AND TIME OF LATEST TRANSACTION
- control field: 20170720115156.0
008 - FIXED-LENGTH DATA ELEMENTS
- fixed length control field: 170720|| aca||aabn | a|a d
040 ## - CATALOGING SOURCE
- Original cataloging agency: OSt
- Transcribing agency: OSt
100 ## - HEADING--PERSONAL NAME
- Personal name: Ramana Rao, K.V
670 ## - SOURCE DATA FOUND
- Source citation: Work cat.: (OSt): General studies for ARS and other competitive examinations, 2016
